| 000 | 00686nam a2200253Ia 4500 | ||
|---|---|---|---|
| 003 | OSt | ||
| 005 | 20221006150152.0 | ||
| 006 | a|||||r|||| 00| 0 | ||
| 007 | ta | ||
| 008 | 221006b |||||||| |||| 00| 0 eng d | ||
| 024 | _a17,384 | ||
| 037 | _cTextual | ||
| 040 |
_aEASL _cEASL _beng |
||
| 041 |
_2eng _aeng |
||
| 082 | _aU:(P41:4k).41.N10, K4 | ||
| 100 |
_aPLAYFAIR G M H _95926 |
||
| 245 | 0 |
_aCities and towns of China _b A geographical dictionary |
|
| 260 |
_aTaiwan _bLiterature House _c1965 |
||
| 300 |
_a582p. _ccm. |
||
| 490 | _v RR | ||
| 650 | _aCEL | ||
| 942 |
_hU:(P41:4k).41.N10, K4 _cTEXL _2CC |
||
| 999 |
_c1085470 _d1085470 |
||